[Event "NOR-ch U20"]
[Site "Oslo"]
[Date "2015.07.05"]
[Round "2"]
[White "Eide, Adrian"]
[Black "Risting, Eivind Olav"]
[Result "1/2-1/2"]
[WhiteElo "1356"]
[BlackElo "2087"]
[PlyCount "135"]
[EventDate "2015.07.04"]
[EventType "swiss"]
[EventRounds "9"]
[EventCountry "NOR"]
[SourceTitle "EXT 2017"]
[Source "ChessBase"]
[SourceDate "2016.10.25"]
[SourceVersion "1"]
[SourceVersionDate "2016.10.25"]
[SourceQuality "1"]

1. c4 e5 2. Nc3 Nf6 3. g3 c6 4. d4 exd4 5. Qxd4 d5 6. cxd5 cxd5 7. Bg2 Nc6 8. Qa4 Be6 9. Nf3 Bc5 10. 0-0 0-0 11. Bg5 h6 12. Bxf6 Qxf6 13. Rfd1 Rfd8 14. Rac1 Bb6 15. e3 h5 16. b3 Bg4 17. Qf4 Qxf4 18. exf4 d4 19. Na4 Rd6 20. Nb2 f6 21. Nc4 Rd7 22. h3 Be6 23. Ne1 Bd5 24. Bxd5+ Rxd5 25. Nd3 Bd8 26. Rc2 Be7 27. Re2 Kf7 28. Kg2 Rc8 29. Kf3 Bf8 30. g4 b5 31. Ncb2 Nb4 32. Nxb4 Bxb4 33. Nd3 Bc3 34. f5 hxg4+ 35. hxg4 Rd6 36. Nf4 Ba5 37. Rd3 Rc1 38. Ne6 Bc3 39. Ke4 Rg1 40. f3 Rf1 41. Kf4 Ra1 42. Rh2 g5+ 43. Kg3 Be1+ 44. Kh3 Bc3 45. Kg3 Rxe6 46. fxe6+ Kxe6 47. f4 Kd5 48. Kf3 Rf1+ 49. Rf2 Rxf2+ 50. Kxf2 Ke4 51. fxg5 fxg5 52. Rf3 Bd2 53. Ke2 Bf4 54. Rh3 Be3 55. Rh7 d3+ 56. Kd1 Kf3 57. Rd7 Kxg4 58. Rxd3 Kf3 59. Ke1 g4 60. Rd7 g3 61. Rf7+ Kg2 62. Ke2 Bf2 63. Rh7 Bg1 64. Rh6 Bh2 65. Rg6 Bg1 66. Rh6 Bh2 67. Rg6 Bg1 68. Rh6 1/2-1/2

[Event "NOR-ch U20"]
[Site "Oslo"]
[Date "2015.07.04"]
[Round "1"]
[White "Machlik, Endre"]
[Black "Eide, Adrian"]
[Result "0-1"]
[WhiteElo "2007"]
[BlackElo "1356"]
[PlyCount "100"]
[EventDate "2015.07.04"]
[EventType "swiss"]
[EventRounds "9"]
[EventCountry "NOR"]
[SourceTitle "EXT 2017"]
[Source "ChessBase"]
[SourceDate "2016.10.25"]
[SourceVersion "1"]
[SourceVersionDate "2016.10.25"]
[SourceQuality "1"]

1. d4 Nf6 2. c4 g6 3. Nc3 d5 4. cxd5 Nxd5 5. Na4 Bg7 6. e4 Nb6 7. Be3 0-0 8. Nf3 Bg4 9. Nc5 Qc8 10. Be2 Nc6 11. d5 Ne5 12. Nxe5 Bxe2 13. Qxe2 Bxe5 14. 0-0 Nd7 15. f4 Bg7 16. h4 Nxc5 17. Bxc5 Qd7 18. Rad1 c6 19. d6 exd6 20. Rxd6 Qc7 21. Rfd1 Rfd8 22. e5 Bf8 23. f5 Bxd6 24. Bxd6 Qd7 25. f6 h5 26. Rd3 Qe6 27. b4 Qc4 28. Qd2 Kh7 29. Rd4 Qe6 30. Qc2 a5 31. a4 axb4 32. Rxb4 Rd7 33. Qc5 Qa2 34. Qd4 Ra5 35. Qf4 Rd5 36. Bf8 Qd2 37. Qxd2 Rxd2 38. a5 Ra2 39. Re4 Kg8 40. Bb4 Ra4 41. Rf4 c5 42. Bd2 Rxf4 43. Bxf4 c4 44. Kf2 c3 45. Ke2 c2 46. Bd2 Kf8 47. g3 Rd5 48. Bh6+ Ke8 49. Bd2 Kd7 50. Ke3 Rxa5 0-1

[Event "Oslo op-B"]
[Site "Oslo"]
[Date "2014.09.28"]
[Round "5"]
[White "Nymo, Olav Andreas Foerde"]
[Black "Eide, Adrian"]
[Result "1/2-1/2"]
[WhiteElo "1200"]
[BlackElo "1356"]
[PlyCount "81"]
[EventDate "2014.09.28"]
[EventType "swiss"]
[EventRounds "9"]
[EventCountry "NOR"]
[SourceTitle "EXT 2017"]
[Source "ChessBase"]
[SourceDate "2016.10.25"]
[SourceVersion "1"]
[SourceVersionDate "2016.10.25"]
[SourceQuality "1"]

1. d4 Nf6 2. c4 e6 3. Nf3 d5 4. Bg5 Be7 5. e3 h6 6. Bh4 0-0 7. Bd3 Nc6 8. a3 a5 9. Nc3 dxc4 10. Bxc4 Nd5 11. Bxe7 Ncxe7 12. 0-0 c6 13. Bd3 Qc7 14. Ne4 Rd8 15. Nc5 b6 16. Ne4 Nf5 17. Re1 Nde7 18. Rc1 Ng6 19. Qa4 Bb7 20. Bb5 Rac8 21. Ned2 Ba8 22. Ba6 b5 23. Qc2 Rb8 24. Nb3 Rb6 25. Nc5 Qd6 26. a4 Qb8 27. axb5 cxb5 28. Qc3 b4 29. Qb3 Nfh4 30. Nxh4 Nxh4 31. Bf1 Rd5 32. f3 Nxf3+ 33. gxf3 Rg5+ 34. Bg2 Bxf3 35. Rc2 Qa8 36. e4 Bh5 37. Re3 Qd8 38. Rd3 Bg6 39. Kh1 Kh7 40. Qa4 Rb8 41. Rcd2 1/2-1/2